000 00550nam a2200193 i 4500
001 35601
003 ES-MaACL
005 20250618142456.0
007 t|
008 030213s1907 fr ||||1| fre d
080 _a75 Rembrandt Harmenszoon van Rijh
100 1 _aBréal, Auguste.
_931535
245 1 0 _aRembrandt
_b: 1606-1669 /
_cAuguste Bréal.
260 _aParis :
_bLarousse,
_c[1907]
300 _a78 p. ;
_c19 cm.
600 0 4 _aRembrandt Harmenszoon van Rijn,
_d1606-1669
_996120
852 _aES-MaACL
_jG-8580
999 _c35601
_d35601